000 00297nam a2200109Ia 4500
008 220204s9999 xx 000 0 und d
082 _a678:537
_bBLY;2
100 _aBlythe, A R
245 0 _aElectrtical properties of polymers
260 _aCambridge
_bCambridge University Press
_c1979
942 _cBK
999 _c32063
_d32063